| 000 | 00757nam a2200241Ia 4500 | ||
|---|---|---|---|
| 003 | OSt | ||
| 005 | 20220927105445.0 | ||
| 006 | a|||||r|||| 00| 0 | ||
| 007 | ta | ||
| 008 | 220926b |||||||| |||| 00| 0 eng d | ||
| 024 | _a176748 | ||
| 037 | _cReference Collections | ||
| 040 |
_aRTL _cRTL _beng |
||
| 041 |
_2eng _aeng |
||
| 082 | _a"V1N45,93:3.N61<--N60r, K1/UN" | ||
| 110 | _aUNITED NATIONS | ||
| 245 | 0 | _a"Annual report of the secretary- general on the work of the organization, 15 June 1960- 15 to June 1991." | |
| 260 |
_aNew _bYork United Nations _c1961 |
||
| 300 |
_a"viii,181p." _ccm. |
||
| 700 | _aUNITED NATIONS | ||
| 942 |
_h"V1N45,93:3.N61<--N60r, K1/UN" _cCC |
||
| 999 |
_c692662 _d692662 |
||